000 03941cam a22002775i 4500
999 _c14367
_d14367
003 OSt
005 20260214170032.0
008 220519t20232023sz abde b 000 0 eng d
020 _a9783035622515
_q(paperback)
042 _alccopycat
050 0 0 _aRC489.M43
_bK743 2022
050 0 0 _aS494.5.U72
_bU69 2023
082 0 4 _a630.91732
_223
245 0 0 _aUrban agricultural heritage /
_cFrank Lohrberg, Katharina Christenn, Axel Timpe, Ayça Sancar (eds.).
300 _a217 pages :
_billustrations (chiefly color), charts, maps, plans ;
_c28 cm
504 _aIncludes bibliographical references (pages 198-210).
505 0 0 _aMachine generated contents note:
_tLinking Urban Agricultural Heritage to Historical Research and Food Policies --
_tEarly Modern Urban and Peri-Urban Horticulture in German Territories /
_rAnsgar Schanbacher --
_tThe City as a Driver of Regional Agriculture: Erfurt and Its Horticultural Heritage /
_rFrank Lohrberg --
_tThe Role of Centralized Policy Planning for Bulgarian Urban Agricultural Heritage from the Socialist Period /
_rDona Pickard --
_tHeritage at the Urban Fringe: Allotment Gardening in Europe as Urban Agricultural Heritage /
_rAttila Toth --
_tRussian Dachas: A Popular Urban Agricultural Heritage /
_rAxel Timpe --
_tResilient Cities with Urban Agricultural Heritage: Tokyo /
_rMakoto Yokohari --
_tLinking Urban Agricultural Heritage to the Concept of -- Cultural Memory and Practice --
_tBelgrade's Garden Colonies: Where Memory, "Nature, and People Meet /
_rJelena Tomicevid-Dubljevic --
_tFrom Marshes to Market Gardens: Hortillonnages d'Amiens and Marais de Bourges /
_rKatharina Christenn --
_tFrom Orchard to Wetland Park: Guangzhou's Approach to Transform Urban Agricultural Heritage /
_rGuangsi Lin --
_tUrban Agricultural Heritage of Lisbon: From the Past to the Future? /
_rMariana Sanchez Salvador --
_tUrban Agricultural Heritage in Benin: The Role of Traditional Coconut-Cattle Systems in Cotonou /
_rLuc H. D'Ossa --
_tLinking Urban Agricultural Heritage to, the Concept of Cultural Landscape --
_tLa Vega de Granada: A Cultural Landscape Built Around Irrigation /
_rKatharina Christenn --
_tHidden Urban Agricultural Heritage at the Manzanares River: Toward an Agroecologlcal Wedge in the Southeast of Madrid City /
_rMarian Simon Rojo --
_tProtection and Values of the Cultural Heritage of the Campagna Romana between Public Policies and Movements from Below /
_rAnna Lei --
_tUrban Gardening as a Practice to Safeguard Historical Agricultural Sites in Can Cabanyes and Torre Codina (Badalona, Catalonia) /
_rOscar Alfranca --
_tShowcasing and Reflecting Active Hentage Approaches --
_tIntangible Agricultural Heritage as a Resource for Sustainable Contemporary Cities /
_rPaola Branduini --
_tBamberg Market Gardeners' District-A Living Cultural Heritage for Centuries: Solutions for Dealing with Tangible and Intangible Heritage /
_rDiana Buttner --
_tStrategies to Reanimate the Urbanand Agricultural Heritage of Oasis Settlements in Oman: The Case of Al Hamra /
_rAlexander Kader --
_tChinampas of Xochimilco: Urban Agriculture from the Ancient Americas Until Today /
_rAxel Timpe --
_tInformal and Local' Approaches to Orban Agriculture Heritage --
_tTransformation of Everyday Landscapes into Heritage: A Driver for Territorialized Agro-Food Systems "in the Peri-Urban Context of Madrid /
_rEsther Sanz Sanz --
_tMurs a Peches de Montreuil: Rediscovering Urban Agricultural Heritage /
_rAxel Timpe --
_tReconnecting City and Countryside: Participatory Solutions for Hamburg /
_rCord-Petermann --
_tEnhancing and Promoting Milan's Peri-Urban \ Agricultural Landscape-as a Cultural Resource: The Case of MUSA /
_rFrancesco C. Toso.
650 0 _aUrban agriculture
_xHistory.
650 7 _aUrban agriculture
_2fast
655 7 _aHistory
_2fast
700 1 _aLohrberg, Frank,
_eeditor.
700 1 _aChristenn, Katharina,
_eeditor.
700 1 _aTimpe, Axel,
_eeditor.
700 1 _aSancar, Ayça,
_eeditor.
942 _2ddc